| 000 | 00808nam a22002177a 4500 | ||
|---|---|---|---|
| 999 |
_c11929 _d11929 |
||
| 003 | AR-CdUCM | ||
| 008 | 190405b ||||| |||| 00| 0 spa d | ||
| 040 |
_aMUNICIPALIDAD PROVINCIAL DEL CUSCO _cBIBLIOTECA MUNICIPAL DEL CUSCO |
||
| 082 |
_a335.6 / _bC59 / 1923 |
||
| 100 |
_aClavel, Vicente _929546 |
||
| 245 |
_aEl fascismo : _bIdeario de Benito Mussolini / |
||
| 260 |
_aBarcelona : _bCervantes, _c1923. |
||
| 300 |
_a121 páginas ; _c18 cm. |
||
| 440 |
_aBiblioteca de actualidad pollita _929547 |
||
| 505 | _aContenido : Introducción -- El fascismo -- Tras la victoria el descontento -- La locura roja -- Gran ofensiva fascista -- Benito Mussolini ... | ||
| 650 |
_aFascismo _93453 |
||
| 650 |
_aSociología _9276 |
||
| 650 |
_aIdeario _929548 |
||
| 942 |
_2ddc _cLIBROS |
||
| 945 |
_arah _d05/04/2019 |
||